000 01048nam0a22002651 4500
001 rc\4196428
005 20250611130321.0
021 _aRU
_b[54-43002]
035 _a(NLR Aleph) 008200412
090 _a8033181
_c8033181
100 _a20130415d1954 |||y0rusy50 ca
101 0 _arus
102 _aRU
105 _aa z |||||
200 1 _aЭлектронные автоматические самопишущие уравновешенные мосты с записью на ленточной диаграмме ЭМП-109 и ЭМП-209
_eМонтажно-эксплуатационная инструкция
210 _aЛенинград
_cБ. и.
_d1954
215 _a64 с., 14 л. схем.
_cил.
_d22
300 _aНа обороте тит. л. сост.: инж. Квинт Б.Ю.
606 _aМостики измерительные, электронные
_2psbo
702 1 _aКвинт
_bБ.Ю.
_4220
801 0 _aRU
_bNLR
_gpsbo
801 1 _aRU
_bELAR
_2rusmarc
852 _aNLR
_jТ20 Г-6/782
942 _cBOOK
980 _aNB